Manual de métodos para la caracterización biológica y socioeconómica de paisajes rurales (Registro nro. 4781)

Detalles MARC
000 -CABECERA
Campo de control 01500nam a2200277 a 4500
005 - FECHA Y HORA DE LA ULTIMA TRANSACCION
Campo de control 20170823020002.0
008 - ELEMENTOS DE LONGITUD FIJA—INFORMACION GENERAL
Campo de control 140124b2005 ck ||||| |||| 00| 0 spa d
040 ## - FUENTE DE CATALOGACIÓN
Agencia transcriptora CO-BoIH
041 ## - IDIOMA
Código de idioma para texto/pista de sonido o título separado Español
044 ## - PAÍS DE PUBLICACIÓN
País de publicación Colombia
090 ## - CLASIFICACIÓN LOCAL
Colección IAVH
Consecutivo 00414
100 ## - ASIENTO PRINCIPAL--NOMBRE PERSONAL
Nombre personal Uribe Restrepo, Daniel Alberto
245 ## - MENCION DE TITULO
Título Manual de métodos para la caracterización biológica y socioeconómica de paisajes rurales
Parte restante del título fundamentos y desarrollos preliminares
260 ## - PUBLICACION, DISTRIBUCION, ETC. (PIE DE IMPRENTA)
Lugar de publicación, distribución, etc. Bogotá
Nombre del editor, distribuidor, etc. Instituto Alexander von Humboldt
Fecha de publicación, distribución, etc. 2005
300 ## - DESCRIPCION FISICA
Extensión 128 p.
520 ## - NOTA DE RESUMEN, ETC.
Nota de resumen El manual representa un aporte a la consecución del segundo y tercer resultados que espera obtener el Proyecto Andes, a saber: una base expandida de conocimientos sobre la biodiversidad de los Andes, y paisajes rurales modificados para la conservación y uso sostenible de la biodiversidad. Partiendo del contexto biogeográfico y ecosistémico de la zona andina colombiana, define los propósitos y objetivos de la caracterización biológica y socioeconómica, explica los criterios de selección del área de estudio, explica los métodos de esa caracterización, concluyendo en el análisis de los datos recolectados
650 ## - ASIENTO SECUNDARIO DE MATERIA - TERMINO TEMATICO
Término temático o nombre geográfico como elemento de entrada Diversidad
650 ## - ASIENTO SECUNDARIO DE MATERIA - TERMINO TEMATICO
Término temático o nombre geográfico como elemento de entrada Caracterización biológica
650 ## - ASIENTO SECUNDARIO DE MATERIA - TERMINO TEMATICO
Término temático o nombre geográfico como elemento de entrada Socioeconómica
650 ## - ASIENTO SECUNDARIO DE MATERIA - TERMINO TEMATICO
Término temático o nombre geográfico como elemento de entrada Paisajes Rurales
650 ## - ASIENTO SECUNDARIO DE MATERIA - TERMINO TEMATICO
Término temático o nombre geográfico como elemento de entrada Caracterización biológica
650 ## - ASIENTO SECUNDARIO DE MATERIA - TERMINO TEMATICO
Término temático o nombre geográfico como elemento de entrada Socioeconómica
650 ## - ASIENTO SECUNDARIO DE MATERIA - TERMINO TEMATICO
Término temático o nombre geográfico como elemento de entrada Paisajes Rurales
942 ## - ELEMENTOS ADICIONALES (KOHA)
Tipo de ítem Informe Técnico
Sistema de clasificación Local
Koha issues (borrowed), all copies 1
945 ## - PROCESAMIENTO LOCAL
AAAA-MM-DD - Fecha de ingreso o modificacion 2005-11-10
Existencias
Withdrawn status Lost status Sistema de Clasificación Damaged status No para préstamo Colección Inventariado Ubicación Permanente Ubicación actual Fecha de adquisición Fuente de Valor Total Checkouts Número topográfico Inventario / Código de Barras Date last seen Date checked out Ejemplar Price effective from Forma de adquisición Tipo de material
    Local     Humboldt Inventariado 2017 Villa de Leyva Villa de Leyva 10/11/2005 CID Humboldt 1 IAVH-00414 022218 09/08/2024 22/08/2017 Ej. 2 04/12/2012   Informe Técnico